000 00540nam a2200229Ia 4500
003 OSt
005 20220912144332.0
006 a|||||r|||| 00| 0
007 ta
008 220909b |||||||| |||| 00| 0 eng d
020 _aSL01445053
024 _a195090
037 _cTextual
040 _aCSL
_beng
_cCSL
041 _aeng
082 _aE5:3,T5, P5;12
100 _aYadav LDS
245 0 _aOrganic spectroscopy
700 _aYadav LDS
942 _hE5:3,T5, P5;12
_cTEXL
_2CC
999 _c5269
_d5269